00273nam a22000977a 4500008004100000082001500041100002100056245004100077260004800118300000900166230703b xxu||||| |||| 00| 0 eng d a496.9bKRA cRev Dr. L. Kraph aA Dictionary of the Swahili Language aLondonbTrubner and Co., Ludgate Hillc1882 a433p